Cartography and geographical information systems (Record no. 94991)

MARC details
000 -LEADER
fixed length control field 00808cam a2200277 4500
008 - FIXED-LENGTH DATA ELEMENTS--GENERAL INFORMATION
fixed length control field 090401t1991 xxu||||| |||| 00| 0 eng d
020 ## - INTERNATIONAL STANDARD BOOK NUMBER
International Standard Book Number 187405908X
035 ## - SYSTEM CONTROL NUMBER
System control number (Sirsi) u67317
041 ## - LANGUAGE CODE
Language code of text/sound track or separate title eng
050 ## - LIBRARY OF CONGRESS CALL NUMBER
Classification number 526.0285
-- 18
100 ## - MAIN ENTRY--PERSONAL NAME
Personal name Cassettari, Seppe
245 ## - TITLE STATEMENT
Title Cartography and geographical information systems
Remainder of title a summary report
260 ## - PUBLICATION, DISTRIBUTION, ETC.
Place of publication, distribution, etc. London
Name of publisher, distributor, etc. AGI
Date of publication, distribution, etc. 1991
300 ## - PHYSICAL DESCRIPTION
Extent 10p.
Dimensions 30cm.
490 ## - SERIES STATEMENT
Series statement AGI Education, Training and Research Committee Publication
650 ## - SUBJECT ADDED ENTRY--TOPICAL TERM
Topical term or geographic name entry element CARTOGRAPHY
650 ## - SUBJECT ADDED ENTRY--TOPICAL TERM
Topical term or geographic name entry element DIGITAL MAPPING
650 ## - SUBJECT ADDED ENTRY--TOPICAL TERM
Topical term or geographic name entry element GIS
690 ## - LOCAL SUBJECT ADDED ENTRY--TOPICAL TERM (OCLC, RLIN)
Topical term or geographic name as entry element MAPPING AND MEASUREMENT
700 ## - ADDED ENTRY--PERSONAL NAME
Personal name Fagg, Andy
700 ## - ADDED ENTRY--PERSONAL NAME
Personal name Visvalingham, Mahes
710 ## - ADDED ENTRY--CORPORATE NAME
Corporate name or jurisdiction name as entry element British Cartographic Society
9 (RLIN) 2530
710 ## - ADDED ENTRY--CORPORATE NAME
Corporate name or jurisdiction name as entry element Association for Geographic Information
9 (RLIN) 166
942 ## - ADDED ENTRY ELEMENTS (KOHA)
Suppress in OPAC 0
948 ## - LOCAL PROCESSING INFORMATION (OCLC); SERIES PART DESIGNATOR (RLIN)
c (OCLC) 04/03/1997
Holdings
Withdrawn status Lost status Source of classification or shelving scheme Damaged status Not for loan Home library Current library Shelving location Date acquired Total Checkouts Full call number Barcode Date last seen Copy number Price effective from Koha item type
    Dewey Decimal Classification     London London Basement 03/02/1993   BASEMENT 30043633 06/08/2019 1 06/08/2019 Book